| 000 | 00508nam a2200193 a 4500 | ||
|---|---|---|---|
| 001 | 1766566527433 | ||
| 003 | YourLibrary | ||
| 005 | 20251226115019.0 | ||
| 008 | 251224s1990##################000#0#eng## | ||
| 020 | _a9780521339490 | ||
| 082 | 0 | 4 |
_a270.2 _bMAR |
| 100 | 1 |
_aMarkus, R. A., _eauthor. |
|
| 245 | 1 | 0 | _aThe End of Ancient Christianity : |
| 260 |
_bCambridge University Press, _c1990. |
||
| 300 | _a282 pages | ||
| 650 | 0 | _aHistory. | |
| 942 | _cENGLISH | ||
| 040 |
_aYourLibrary _beng _cYourLibrary |
||
| 999 |
_c604652 _d604652 |
||